Navigateurs Web - Statistiques

Statistiques générales
  • Ce quiz a été pris 48 fois
  • Le résultat moyen est 3 sur 8
Statistiques - réponses
Réponse % Correct
Chrome
89%
Firefox
86%
Opera
57%
Microsoft Edge
50%
Brave
27%
Arc
7%
Samsung Internet
5%
Ccleaner Browser
0%
Aucun quiz correspondant
Distribution des résultats
% des personnes avec chaque résultat
Percentile par nombre de réponses
Votre historique - résultats
Vous n’avez pas pris ce quiz